000 00211nam a22000857a 4500
008 161017b xxu||||| |||| 00| 0 eng d
100 _9865
_aBhatia
245 _aExpression in Art
260 _bNavdeep Publications
_c2008
999 _c3518
_d3518